00873nam a2200265 i 4500001000300000100002100003245008100024250001400105260005700119300003300176490001800209500006400227650002200291650003500313655002600348830001800374020001800392020001400410040000800424041000800432044000800440080002000448008004100468856009800509bg1 aFlinders, Steve.10aTest your professional English - business :bintermediate /cSteve Flinders. a4th impr. aHarlow :bPearson Education :bPenguin Books,c2006. aVI, 106 s. :brys. ;c24 cm.1 aTest Your ... aW 1997 wyd. pt.: Test your business English : intermediate. 9aJęzyk angielski 9aNauki ekonomicznexsłownictwo aĆwiczenia i zadania aTest Your ... a9780582451490 a582451493 cBPK0 aeng aGBR a811.111(076):33 s pl f |000 0 pol  uhttp://koha.tu.koszalin.pl/cgi-bin/koha/opac-detail.pl?biblionumber=54341yKatalog online BPK